| 000 | 00624nam a2200229Ia 4500 | ||
|---|---|---|---|
| 003 | OSt | ||
| 005 | 20221007070742.0 | ||
| 006 | a|||||r|||| 00| 0 | ||
| 007 | ta | ||
| 008 | 221006b |||||||| |||| 00| 0 eng d | ||
| 024 | _a46,115 | ||
| 037 | _cTextual | ||
| 040 |
_aFLL _cFLL _beng |
||
| 041 |
_2eng _aeng |
||
| 082 | _aY150aZ2, Q6 | ||
| 100 |
_aKHAN Nuzhat Parveen Au. _9687631 |
||
| 245 | 0 | _aWomen and the law | |
| 260 |
_aHaryana _bUniversal Law Publishing India _c2016 |
||
| 300 |
_axxiv,477p. _ccm. |
||
| 942 |
_hY150aZ2, Q6 _cTEXL _2CC |
||
| 999 |
_c1141434 _d1141434 |
||